| 000 | 00774nam a2200205Ia 4500 | ||
|---|---|---|---|
| 003 | GCL | ||
| 008 | 140319s9999 xx 000 0 ara d | ||
| 040 |
_aGCL / _cGCL |
||
| 082 | 0 | 4 |
_a070.5797 _bم ن |
| 100 | 1 | _aمحمد فتحى عبدالهادى | |
| 245 | 1 | 0 |
_aالنشر الالكترونى ومصادر المعلومات الالكترونية / _cمحمد فتحى عبدالهادى |
| 700 | 1 | _aابوالسعود ابراهيم | |
| 260 |
_aالقاهرة : _bدار الثقافة العلمية |
||
| 300 |
_a139 ص ؛ _c24 سم |
||
| 650 | 0 | 4 | _aالنشر الالكترونى |
| 650 | 0 | 4 | _aمصادر المعلومات |
| 650 | 0 | 4 | _aالاقراص المدمجة |
| 650 | 0 | 4 | _aالالكترونيات - خدمات المعلومات |
| 942 |
_2ddc _cBK |
||
| 999 |
_c6022 _d6022 |
||